00429nam a2200169Ia 4500003000400000008004100004040001600045082001800061100002000079245005000099260003100149300001100180650001400191650000900205650002500214650002000239GCL140319s9999 xx 000 0 eng d aGCL / cGCL04a709.0342bD E1 aDESCHAMPS, PAUL10aEGLISES ROMANES DE FRANCE / cDESCHAMPS, PAUL a[S.N] : bDIDIER ، c1948 a64 P P04aROMAN ART04aARTS04aROMAN - ARCHITECTURE04aROMAN SCLUPTURE